000 00649nam a2200253Ia 4500
001 4212
005 20240113233721.0
007 ta
008 050609s1966 g b000 u hin u
020 _cHB
040 _aCotton College,Assam
041 _ahin
082 _a891.43109
_bP 192 K
100 _aPande, Sambhu Nath .
245 0 _aKavya Sashtra /
_cSambhu Nath Pande.
_hTextual Documents
250 _a1st ed. /
260 _aAgra :
_bBinod Pustak Mandir ,
_c1966.
300 _a207p. ;
_c18cm.
653 _aHindi poetry-Criticism
653 _aGen-Hindi
942 _2ddc
_cBK
999 _c4199
_d4199